Coconut embryo in vitro culture (proceedings of the first workshop on Embryo culture 27-31 Oct, 1997, Banao, Guinobatan, Albay, Philippine)

Uloženo v:
Podrobná bibliografie
Médium: Kniha
Jazyk:Undetermined
Vydáno: Phlippine IPGRI 1998
Témata:
Tagy: Přidat tag
Žádné tagy, Buďte první, kdo otaguje tento záznam!
Thư viện lưu trữ: Trung tâm Học liệu Trường Đại học Cần Thơ
LEADER 00526nam a2200157Ia 4500
001 CTU_38953
008 210402s9999 xx 000 0 und d
082 |a 634.61 
082 |b C659 
245 0 |a Coconut embryo in vitro culture (proceedings of the first workshop on Embryo culture 27-31 Oct, 1997, Banao, Guinobatan, Albay, Philippine) 
260 |a Phlippine 
260 |b IPGRI 
260 |c 1998 
650 |a coconut,coconut - culture 
904 |i Liên, 000519 
980 |a Trung tâm Học liệu Trường Đại học Cần Thơ